Jim Henson's Muppets in What's fair is fair : a book about sharing / by Louise Gikow ; illustrated by Tom Leigh.
Kermit and Piggy go to the fair. Piggy loses her money and Kermit shares his tickets with Piggy.
Record details
- ISBN: 9780717282692
- ISBN: 0717282694
- Physical Description: 26 unnumbered pages : color illustrations ; 23 cm.
- Publisher: Danbury, Conn. : Grolier, ©1992.
Search for related items by subject
| Subject: | Sharing > Fiction. Fairness > Fiction. Fairs > Fiction. Friendship > Fiction. Puppets > Fiction. |
Search for related items by series
| LDR | 01349nam a2200397 a 4500 | ||
|---|---|---|---|
| 001 | 139576 | ||
| 003 | CONS | ||
| 005 | 20150724090405.0 | ||
| 008 | 920820s1992 ctua j 000 1 eng | ||
| 010 | . | ‡a 92203058 | |
| 020 | . | ‡a9780717282692 | |
| 020 | . | ‡a0717282694 | |
| 035 | . | ‡a(CPomAG)LMN589570 | |
| 042 | . | ‡alcac | |
| 050 | 0 | 0. | ‡aPZ7.G369 ‡bJin 1992 |
| 082 | 0 | 0. | ‡a[E] ‡220 |
| 100 | 1 | . | ‡aGikow, Louise. |
| 245 | 1 | 0. | ‡aJim Henson's Muppets in What's fair is fair : ‡ba book about sharing / ‡cby Louise Gikow ; illustrated by Tom Leigh. |
| 246 | 3 | . | ‡aWhat's fair is fair. |
| 260 | . | ‡aDanbury, Conn. : ‡bGrolier, ‡c©1992. | |
| 300 | . | ‡a26 unnumbered pages : ‡bcolor illustrations ; ‡c23 cm. | |
| 336 | . | ‡atext ‡btxt ‡2rdacontent | |
| 337 | . | ‡aunmediated ‡bn ‡2rdamedia | |
| 338 | . | ‡avolume ‡bnc ‡2rdacarrier | |
| 490 | 1 | . | ‡aValues to grow on |
| 520 | . | ‡aKermit and Piggy go to the fair. Piggy loses her money and Kermit shares his tickets with Piggy. | |
| 650 | 0. | ‡aSharing ‡vFiction. | |
| 650 | 0. | ‡aFairness ‡vFiction. | |
| 650 | 0. | ‡aFairs ‡vFiction. | |
| 650 | 0. | ‡aFriendship ‡vFiction. | |
| 650 | 0. | ‡aPuppets ‡vFiction. | |
| 700 | 1 | . | ‡aLeigh, Tom, ‡eillustrator. |
| 830 | 0. | ‡aValues to grow on. | |
| 914 | . | ‡aLMN_cm | |
| 959 | . | ‡i32269000969116 ‡lE Gik ‡aJuvenile - Easy ‡tEasy ‡g10.00 | |
| 852 | . | ‡p32269000969116 ‡jE Gik ‡gJuvenile - Easy ‡cEasy ‡y10.00 ‡bSBPL | |
| 901 | . | ‡a139576 ‡bUnknown ‡c139576 ‡tbiblio | |